English Literary Canon - Statistics

General Stats
  • This quiz has been taken 368 times
  • The average score is 30 of 54
Answer Stats
Hint Answer % Correct
Jane Austen Pride and Prejudice
95%
Mary Shelley Frankenstein
93%
Shakespeare Romeo and Juliet
92%
George Orwell 1984
90%
F.Scott Fitzgerald The Great Gatsby
89%
Shakespeare Hamlet
86%
Harper Lee To Kill a Mockingbird
85%
George Orwell Animal Farm
84%
Emily Bronte Wuthering Heights
84%
Bram Stoker Dracula
79%
Shakespeare Macbeth
76%
Charlotte Bronte Jane Eyre
73%
Leo Tolstoy War and Peace
72%
Jane Austen Emma
71%
Homer The Odyssey
71%
Louisa May Alcott Little Women
67%
Herman Melville Moby Dick
66%
Lewis Carroll Alice in Wonderland
65%
Sylvia Plath The Bell Jar
65%
J.D. Salinger Catcher in the Rye
63%
Jane Austen Sense and Sensibility
63%
Dostoevsky Crime and Punishment
61%
Leo Tolstoy Anna Karenina
60%
Oscar Wilde The Picture of Dorian Gray
60%
James Joyce Ulysses
60%
John Steinbeck Of Mice and Men
59%
Aldous Huxley Brave New World
58%
Chaucer Canterbury Tales
58%
John Steinbeck The Grapes of Wrath
58%
Charles Dickens Great Expectations
56%
Nabokov Lolita
56%
William Golding Lord of the Flies
56%
John Milton Paradise Lost
56%
Mark Twain Huckleberry Finn
55%
Joseph Conrad Heart of Darkness
50%
Virginia Woolf To the Lighthouse
49%
Jonathan Swift Gulliver's Travels
46%
Daniel Defoe Robinson Crusoe
45%
Virginia Woolf Mrs Dalloway
41%
Shakespeare A Midsummer Night's Dream
40%
(8th century) Beowulf
38%
Arthur Miller The Crucible
38%
George Eliot Middlemarch
35%
Plato The Republic
35%
Charles Dickens David Copperfield
34%
Ian McEwan Atonement
33%
Ovid Metamorphoses
29%
Virgil The Aeneid
29%
William Thackeray Vanity Fair
27%
Dostoevsky The Idiot
24%
Robert Louis Stevenson Dr Jekyll and Mr Hyde
22%
Marcel Proust In Search of Lost Time
21%
E. M. Forster A Passage to India
20%
Henry James Portrait of a Lady
11%
No matching quizzes found
Score Distribution
Percent of People with Each Score
Percentile by Number Answered
Your Score History
You have not taken this quiz